000 00387nam a2200145Ia 4500
008 151021s9999 xx 000 0 und d
020 _a9290590491
050 _aS494.5.A45 R59 1988
245 _a_Agroforestry in Dryland Africa
260 _aKenya ICRAF 1988
300 _a311p.:ill
500 _aInclude index
650 _a_Agroforestry
980 _a^d20110120 10:52:32^okilerai
999 _c6242
_d6242